| 000 -CABECERA |
| Longitud fija campo de control |
00983nam a22002417a 4500 |
| 003 - IDENTIFICADOR DEL NÚMERO DE CONTROL |
| Identificador del número de control |
OSt |
| 005 - FECHA Y HORA DE LA ÚLTIMA TRANSACCIÓN |
| Fecha y hora de la última transacción |
20231205110849.0 |
| 008 - CÓDIGOS DE INFORMACIÓN DE LONGITUD FIJA |
| Códigos de información de longitud fija |
190529r20181978spcwr p |||| 0 b0cat|d |
| 017 ## - NÚMERO DE COPYRIGHT O DE DEPÓSITO LEGAL |
| Número de copyright o de depósito legal |
DL B 7603-2018 |
| Agencia que asigna el número |
Biblioteca de Catalunya |
| 020 ## - NÚMERO INTERNACIONAL NORMALIZADO PARA LIBROS |
| Número Internacional Normalizado para Libros (ISBN) |
9788494813412 |
| 040 ## - FUENTE DE LA CATALOGACIÓN |
| Centro catalogador de origen |
ES-BaBC |
| Lengua de catalogación |
cat |
| Centro transcriptor |
CDMR |
| 245 02 - MENCIÓN DE TÍTULO |
| Título |
L'Estaca, l'eina del somni |
| Mención de responsabilidad, etc. |
/ Jesús A. Vila ; pròleg de Lluís Bassets |
| 250 ## - MENCIÓN DE EDICIÓN |
| Mención de edición |
Edició facsímil |
| 260 ## - PUBLICACIÓN, DISTRIBUCIÓN, ETC. (PIE DE IMPRENTA) |
| Lugar de publicación, distribución, etc. |
L'Hospitalet : |
| Nombre del editor, distribuidor, etc. |
Associació Foment de la Informació Crítica, |
| Fecha de publicación, distribución, etc. |
2018 |
| 300 ## - DESCRIPCIÓN FÍSICA |
| Extensión |
1 vol : |
| Otras características físicas |
il ; |
| Dimensiones |
30 cm |
| 546 ## - NOTA DE LENGUA |
| Nota de lengua |
Estudi introductori en català, text de la revista en castellà amb alguns textos en català |
| 650 07 - PUNTO DE ACCESO ADICIONAL DE MATERIA - TÉRMINO DE MATERIA |
| Término de materia o nombre geográfico como elemento inicial |
Premsa comarcal |
| Subdivisión geográfica |
Catalunya |
| Subdivisión de materia general |
Història |
| Subdivisión cronológica |
S. XX |
| Subdivisión de materia general |
Revistes |
| Fuente del encabezamiento o término |
lemac |
| 9 (RLIN) |
3717 |
| 651 #7 - PUNTO DE ACCESO ADICIONAL DE MATERIA - NOMBRE GEOGRÁFICO |
| Nombre geográfico |
Hospitalet de Llobregat (Catalunya) |
| Subdivisión de materia general |
Política i govern |
| Subdivisión cronológica |
S. XX |
| Subdivisión de materia general |
Revistes |
| Fuente del encabezamiento o término |
lemac |
| 700 1# - PUNTO DE ACCESO ADICIONAL - NOMBRE DE PERSONA |
| Nombre de persona |
Vila, Jesús A., |
| Fechas asociadas al nombre |
1951- |
| 710 2# - PUNTO DE ACCESO ADICIONAL - NOMBRE DE ENTIDAD |
| Nombre de entidad o nombre de jurisdicción como elemento inicial |
Associació Foment de la Informació Crítica |
| 710 2# - PUNTO DE ACCESO ADICIONAL - NOMBRE DE ENTIDAD |
| Nombre de entidad o nombre de jurisdicción como elemento inicial |
Centre d'Estudis de l'Hospitalet |
| 942 ## - ENTRADA DE ELEMENTOS AGREGADOS (KOHA) |
| Koha [por defecto] tipo de item |
Monografies |
| Fuente de clasificaión o esquema |
|